|
|
|
|
| LEADER |
00000nam0a2200000 4500 |
| 001 |
66729 |
| 005 |
20231101212257.0 |
| 010 |
|
|
|a 5732506551
|
| 035 |
|
|
|a (RuTPU)RU\TPU\book\70943
|
| 090 |
|
|
|a 66729
|
| 100 |
|
|
|a 20040906d2003 km y0rusy50 ca
|
| 101 |
0 |
|
|a rus
|
| 102 |
|
|
|a RU
|
| 105 |
|
|
|a a z 001zy
|
| 200 |
1 |
|
|a Активные магнитные подшипники: теория, расчет, применение
|f Ю. Н. Журавлев
|
| 210 |
|
|
|a СПб.
|c Политехника
|d 2003
|
| 215 |
|
|
|a 206 с.
|c ил.
|
| 320 |
|
|
|a Библиогр.: с. 198-202.
|
| 330 |
|
|
|a В книге рассматриваются нетрадиционные активные магнитные подшипники, которые могут эффективно работать в экстремальных условиях, т. е. в условиях высоких скоростей, вакуума, высоких или низких температур, стерильности, агрессивной среды и т. д. Ротор вращается в АМП без механического контакта и износа. Также не требуется смазка. Устойчивый подвес ротора осуществляется силами магнитного притяжения со стороны управляемых электромагнитов.Особое внимание уделено таким малоосвещенным в литературе вопросам, как описание систем подвеса в безразмерном пространстве состояний, оптимизация геометрии АМП и законов управления, взаимное воздействие АМП и приводного электродвигателя, эффект автовращения ротора в АМП, создание бесподшипниковых электрических машин и т. д.
|
| 606 |
1 |
|
|a Подшипники магнитные
|2 stltpush
|3 (RuTPU)RU\TPU\subj\69349
|9 84240
|
| 610 |
1 |
|
|a электромагнитные подвесы
|
| 610 |
1 |
|
|a классификация
|
| 610 |
1 |
|
|a активные магнитные подшипники
|
| 610 |
1 |
|
|a техника
|
| 610 |
1 |
|
|a расчет
|
| 610 |
1 |
|
|a осевые подшипники
|
| 610 |
1 |
|
|a радиальные подшипники
|
| 610 |
1 |
|
|a электромагниты
|
| 610 |
1 |
|
|a управление
|
| 610 |
1 |
|
|a жесткие роторы
|
| 610 |
1 |
|
|a динамика
|
| 610 |
1 |
|
|a гибкие роторы
|
| 610 |
1 |
|
|a применение
|
| 675 |
|
|
|a 621.822
|v 3
|
| 700 |
|
1 |
|a Журавлев
|b Ю. Н.
|g Юрий Николаевич
|
| 801 |
|
1 |
|a RU
|b 63413507
|c 20040906
|g PSBO
|
| 801 |
|
2 |
|a RU
|b 63413507
|c 20150701
|g RCR
|
| 942 |
|
|
|c BK
|
| 959 |
|
|
|a 112/20040906
|d 1
|e 143,00
|f ЧЗТЛ:1
|
| 959 |
|
|
|a 112/20091029
|d 2
|e 143,00
|f АНЛ:1
|f ЧЗТЛ:1
|